Dictionnaire didactique de la langue française : Grammaire, linguistique, rhétorique, narratologie, expression et stylistique, avec la conjugaison de (notice n° 2198748)
[ vue normale ]
| 000 -LEADER | |
|---|---|
| fixed length control field | 00840cam a2200133 4500500 |
| 005 - DATE AND TIME OF LATEST TRANSACTION | |
| control field | 20260405085603.0 |
| 041 ## - LANGUAGE CODE | |
| Language code of text/sound track or separate title | fre |
| 042 ## - AUTHENTICATION CODE | |
| Authentication code | dc |
| 100 10 - MAIN ENTRY--PERSONAL NAME | |
| Personal name | Pougeoise, Michel |
| Relator term | author |
| 245 00 - TITLE STATEMENT | |
| Title | Dictionnaire didactique de la langue française : Grammaire, linguistique, rhétorique, narratologie, expression et stylistique, avec la conjugaison de |
| 260 ## - PUBLICATION, DISTRIBUTION, ETC. | |
| Name of publisher, distributor, etc. | Armand Colin,<br/> |
| Date of publication, distribution, etc. | 2016.<br/> |
| 520 ## - SUMMARY, ETC. | |
| Summary, etc. | 1 000 définitions expliquées et illustrées avec des exemples pertinents et nouveaux.Grammaire moderne: syntaxe, morphologie, conjugaison. - Linguistique: sémiologie narrative, rhétorique, analyse littéraire. - Difficultés: problèmes d’accord, de construction d’orthographe, anglicismes. |
| 856 41 - ELECTRONIC LOCATION AND ACCESS | |
| Uniform Resource Identifier | <a href="https://shs.cairn.info/dictionnaire-didactique-de-la-langue-francaise--9782200014315?lang=fr&redirect-ssocas=7080">https://shs.cairn.info/dictionnaire-didactique-de-la-langue-francaise--9782200014315?lang=fr&redirect-ssocas=7080</a> |
Pas d'exemplaire disponible.




Réseaux sociaux